000 00504nam a2200181Ia 4500
005 20250923150054.0
008 008 250917s9999 xx 000 0 eng d
037 _aTextual
040 _aDSWL
_beng
_cDSWL
041 _aeng
_2eng
084 _aX:9, POO
_qDSWL
100 _aDwivedi, R. S.
_9841915
245 0 _aPersonnel Mnagement
_c by R. S. Dwivedi
260 _aNew Delhi
_b Galgotia Publications
_c1997
300 _a505p.
942 _cTEXL
_hX:9, POO
999 _c1459248
_d1459248